Chanson à trous : Edith Piaf - La vie en rose - Statistiques

Statistiques générales
  • Ce quiz a été pris 173 fois
  • Le résultat moyen est 7 sur 10
Statistiques - réponses
Couplets La vie en rose % Correct
4 Il me dit des mots d'amour Des mots de tous les jours Et ça m'fait {quelque} {chose}
100%
3 Quand il me prend dans ses bras Qu'il me parle {tout} {bas} Je vois la vie en rose
98%
5 Il est entré dans mon cœur Une part de {bonheur} Dont je connais la cause
94%
10 Des ennuis, des chagrins s'effacent Heureux, heureux à en mourir Quand il me prend dans ses bras Qu'il me parle tout bas Je vois la {vie} {en} {rose}
85%
7 Et dès que je l'aperçois Alors je sens dans moi Mon {cœur} {qui} {bat}
85%
2 Voilà le portrait sans retouches De {l}'{homme} auquel j'appartiens
81%
6 C'est lui pour moi, moi pour lui dans la vie Il me l'a dit, l'a {juré} {pour} {la} {vie}
68%
1 Des yeux qui font baisser les miens Un rire qui se perd sur {sa} {bouche}
64%
9 Des ennuis, des {chagrins} s'effacent Heureux, heureux à en mourir
45%
8 Des {nuits} {d'amour} à plus finir Un grand bonheur qui prend sa place
21%
Aucun quiz correspondant
Distribution des résultats
% des personnes avec chaque résultat
Percentile par nombre de réponses
Votre historique - résultats
Vous n’avez pas pris ce quiz